000 00353nam a2200133Ia 4500
008 240624s9999 xx 000 0 und d
041 _aeng
082 _a658.3124 ROT
100 _aROTHWELL WILLIAM J
245 _aMANAGER S GUIDE TO MAXIMIZING EMPLOYEE P
260 _c2010
_aNew York
_bAMACOM
300 _axiii, : 254 : p. : cm. ; 23
365 _c
_b28
999 _c21324
_d21324